| 000 | 00857na a2200277 4500 | ||
|---|---|---|---|
| 001 | 16389 | ||
| 003 | MIRAKIL | ||
| 005 | 20181213155203.0 | ||
| 008 | 161004b tu 000 0 | ||
| 020 | _a9759500647 | ||
| 035 | _a16389 | ||
| 040 |
_aMilas _btur _cTR-AnCHP |
||
| 041 | _atur | ||
| 082 |
_aATA 923.156 _bK26a 2000 |
||
| 090 | _aATA 923.156 K26a 2000 | ||
| 100 | _aKaraahmetoğlu, İsmail | ||
| 245 |
_aAtatürkçülüğün çağdaş boyutları _cİsmail Karaahmetoğlu |
||
| 260 |
_aAnkara _bÜmit Yayıncılık _c2000 |
||
| 300 |
_a150 s. _c20 sm. |
||
| 600 |
_aAtatürk, Mustafa Kemal _d1881-1938 _xSiyaset |
||
| 600 |
_aAtatürk, Mustafa Kemal _d1881-1938 _xİdeoloji |
||
| 650 |
_aAtatürkçülük _xEğitim |
||
| 650 |
_aAtatürkçülük _xTürk dili |
||
| 651 |
_aTürkiye _xSiyaset ve yönetim _yAtatürkçülük |
||
| 942 |
_2ddc _cBKS |
||
| 999 |
_c8183 _d8183 |
||